Pokémon by Signature Move - Mega Click Quiz - Statistics

General Stats
  • This quiz has been taken 20 times
  • The average score is 64 of 128
Answer Stats
Hint Answer % Correct
Chatter Chatot
100%
Magma Storm Heatran
100%
Psystrike Mewtwo
100%
Spacial Rend Palkia
100%
Oblivion Wing Yveltal
100%
King's Shield Aegislash
83%
Judgment Arceus
83%
Armor Cannon Armarouge
83%
Dark Void Darkrai
83%
Roar of Time Dialga
83%
Diamond Storm Diancie
83%
Dragon Darts Dragapult
83%
Precipice Blades Groudon
83%
Flying Press Hawlucha
83%
Gear Grind Klinklang
83%
Origin Pulse Kyogre
83%
Aeroblast Lugia
83%
Accelerock Lycanroc
83%
Bonemerang Marowak
83%
Dragon Ascent Rayquaza
83%
Drum Beating Rillaboom
83%
Sketch Smeargle
83%
Baneful Bunker Toxapex
83%
Steam Eruption Volcanion
83%
Plasma Fists Zeraora
83%
Kinesis Alakazam
67%
Rage Fist Annihilape
67%
Mind Blown Blacephalon
67%
Spirit Shackle Decidueye
67%
Dynamax Cannon Eternatus
67%
Light of Ruin Floette
67%
Techno Blast Genesect
67%
Shadow Force Giratina
67%
Stone Axe Kleavor
67%
Heart Swap Manaphy
67%
Teatime Polteageist
67%
Aqua Step Quaquaval
67%
Volt Tackle Raichu
67%
Blue Flare Reshiram
67%
Beak Blast Toucannon
67%
Trop Kick Tsareena
67%
Blood Moon Ursaluna
67%
Attack Order Vespiquen
67%
Geomancy Xerneas
67%
Decorate Alcremie
50%
Glaive Rush Baxcalibur
50%
Bitter Blade Ceruledge
50%
Pyro Ball Cinderace
50%
Floral Healing Comfey
50%
Lunar Dance Cresselia
50%
Anchor Shot Dhelmise
50%
Twin Beam Farigiraf
50%
Salt Cure Garganacl
50%
Make It Rain Gholdengo
50%
Burning Bulwark Gouging Fire
50%
Trick-or-Treat Gourgeist
50%
False Surrender Grimmsnarl
50%
Snipe Shot Inteleon
50%
Doom Desire Jirachi
50%
Kowtow Cleave Kingambit
50%
Glaciate Kyurem
50%
Fleur Cannon Magearna
50%
Population Bomb Maushold
50%
Double Iron Bash Melmetal
50%
Flower Trick Meowscarada
50%
Obstruct Obstagoon
50%
Jet Punch Palafin
50%
Malignant Chain Pecharunt
50%
Conversion Porygon-Z
50%
Thunderclap Raging Bolt
50%
Spin Out Revavroom
50%
Matcha Gotcha Sinistcha
50%
Torch Song Skeledirge
50%
Chilly Reception Slowking
50%
Dire Claw Sneasler
50%
Silk Trap Spidops
50%
Raging Bull Tauros
50%
Gigaton Hammer Tinkaton
50%
Forest's Curse Trevenant
50%
Shell Trap Turtonator
50%
Bolt Strike Zekrom
50%
Thousand Arrows Zygarde
50%
Electro Shot Archaludon
33%
Head Charge Bouffalant
33%
Tar Shot Coalossal
33%
Psycho Boost Deoxys
33%
Order Up Dondozo
33%
Hyper Drill Dudunsparce
33%
Doodle Grafaiai
33%
Hyperspace Fury Hoopa
33%
Fickle Beam Hydrapple
33%
Lovely Kiss Jynx
33%
Fairy Lock Klefki
33%
Clanging Scales Kommo-o
33%
Spectral Thief Marshadow
33%
Photon Geyser Necrozma
33%
Ivy Cudgel Ogerpon
33%
Barb Barrage Overqwil
33%
Shore Up Palossand
33%
Spicy Extract Scovillain
33%
Seed Flare Shaymin
33%
Tera Starstorm Terapagos
33%
Surging Strikes Urshifu
33%
Triple Dive Wugtrio
33%
Psyshield Bash Wyrdeer
33%
Jungle Healing Zarude
33%
Barrage Exeggutor
17%
Magic Powder Hatterene
17%
Mighty Cleave Iron Boulder
17%
Tachyon Cutter Iron Crown
17%
Psyblade Iron Leaves
17%
Aura Wheel Morpeko
17%
Instruct Oranguru
17%
Revelation Dance Oricorio
17%
Dragon Energy Regidrago
17%
Thunder Cage Regieleki
17%
Crush Grip Regigigas
17%
Fillet Away Veluza
17%
Searing Shot Victini
17%
Hydro Steam Walking Wake
17%
Terrain Pulse Arboliva
0%
Toxic Thread Ariados
0%
Lumina Crash Espathra
0%
Relic Song Meloetta
0%
Purify Pyukumuku
0%
Multi-Attack Silvally
0%
Meteor Assault Sirfetch'd
0%
Overdrive Toxtricity
0%
No matching quizzes found
Score Distribution
Percent of People with Each Score
Percentile by Number Answered
Your Score History
You have not taken this quiz